Sports Data Mining

Data mining is the process of extracting hidden patterns from data, and it’s commonly used in business, bioinformatics, counter-terrorism, and, increasingly, in professional sports. First popularized in Michael Lewis’ best-selling Moneyball: The Art of Winning An Unfair Game, it has become an intrin...

Πλήρης περιγραφή

Λεπτομέρειες βιβλιογραφικής εγγραφής
Κύριοι συγγραφείς: Schumaker, Robert P. (Συγγραφέας), Solieman, Osama K. (Συγγραφέας), Chen, Hsinchun (Συγγραφέας)
Συγγραφή απο Οργανισμό/Αρχή: SpringerLink (Online service)
Μορφή: Ηλεκτρονική πηγή Ηλ. βιβλίο
Γλώσσα:English
Έκδοση: Boston, MA : Springer US : Imprint: Springer, 2010.
Σειρά:Integrated Series in Information Systems, 26
Θέματα:
Διαθέσιμο Online:Full Text via HEAL-Link
LEADER 04248nam a22005895i 4500
001 978-1-4419-6730-5
003 DE-He213
005 20151204190953.0
007 cr nn 008mamaa
008 100917s2010 xxu| s |||| 0|eng d
020 |a 9781441967305  |9 978-1-4419-6730-5 
024 7 |a 10.1007/978-1-4419-6730-5  |2 doi 
040 |d GrThAP 
050 4 |a QA76.9.D343 
072 7 |a UNF  |2 bicssc 
072 7 |a UYQE  |2 bicssc 
072 7 |a COM021030  |2 bisacsh 
082 0 4 |a 006.312  |2 23 
100 1 |a Schumaker, Robert P.  |e author. 
245 1 0 |a Sports Data Mining  |h [electronic resource] /  |c by Robert P. Schumaker, Osama K. Solieman, Hsinchun Chen. 
264 1 |a Boston, MA :  |b Springer US :  |b Imprint: Springer,  |c 2010. 
300 |a XIV, 138 p.  |b online resource. 
336 |a text  |b txt  |2 rdacontent 
337 |a computer  |b c  |2 rdamedia 
338 |a online resource  |b cr  |2 rdacarrier 
347 |a text file  |b PDF  |2 rda 
490 1 |a Integrated Series in Information Systems,  |x 1571-0270 ;  |v 26 
505 0 |a Sports Data Mining: The Field -- Sports Data Mining Methodology -- Data Sources for Sports -- Research in Sports Statistics -- Tools and Systems for Sports Data Analysis -- Predictive Modeling for Sports and Gaming -- Multimedia and Video Analysis for Sports -- Web Sports Data Extraction and Visualization -- Open Source Data Mining Tools for Sports -- Greyhound Racing Using Neural Networks: A Case Study -- Greyhound Racing Using Support Vector Machines: A Case Study -- Betting and Gaming -- Conclusions. 
520 |a Data mining is the process of extracting hidden patterns from data, and it’s commonly used in business, bioinformatics, counter-terrorism, and, increasingly, in professional sports. First popularized in Michael Lewis’ best-selling Moneyball: The Art of Winning An Unfair Game, it has become an intrinsic part of all professional sports the world over, from baseball to cricket to soccer. While an industry has developed based on statistical analysis services for any given sport, or even for betting behavior analysis on these sports, no research-level book has considered the subject in any detail until now. Sports Data Mining brings together in one place the state of the art as it concerns an international array of sports: baseball, football, basketball, soccer, and greyhound racing are all covered, and the authors (including Hsinchun Chen, one of the most respected experts in data mining in the world) present the latest research, developments, software available, and applications for each sport. They even examine the hidden patterns in gaming and wagering, along with the most common systems for wager analysis. Integrated Series in Information Systems (IS2) strives to publish scholarly work in the technical as well as the organizational side of the field. This series contains three sub-series including: expository and research monographs, integrative handbooks, and edited volumes, focusing on the state-of-the-art of application domains and/or reference disciplines, as related to information systems. In a parallel effort - recognizing that some of the cutting edge research in IS comes from doctoral research - selected dissertations are also published in the monograph section of the series. 
650 0 |a Computer science. 
650 0 |a Operations research. 
650 0 |a Decision making. 
650 0 |a Information technology. 
650 0 |a Business  |x Data processing. 
650 0 |a Business mathematics. 
650 0 |a Data mining. 
650 0 |a Statistics. 
650 1 4 |a Computer Science. 
650 2 4 |a Data Mining and Knowledge Discovery. 
650 2 4 |a Business Mathematics. 
650 2 4 |a IT in Business. 
650 2 4 |a Operation Research/Decision Theory. 
650 2 4 |a Statistics for Business/Economics/Mathematical Finance/Insurance. 
700 1 |a Solieman, Osama K.  |e author. 
700 1 |a Chen, Hsinchun.  |e author. 
710 2 |a SpringerLink (Online service) 
773 0 |t Springer eBooks 
776 0 8 |i Printed edition:  |z 9781441967299 
830 0 |a Integrated Series in Information Systems,  |x 1571-0270 ;  |v 26 
856 4 0 |u http://dx.doi.org/10.1007/978-1-4419-6730-5  |z Full Text via HEAL-Link 
912 |a ZDB-2-SCS 
950 |a Computer Science (Springer-11645)